00461nam a22001817a 4500003000400000005001700004008004100021020001500062050002600077082001800103100001800121245005700139260003800196300002000234541000600254562000600260650001300266OSt20140310181706.0121122t xxu||||| |||| 00| 0 eng d a1576570991 aPZ 7 b.Sp748s14 1996 aKF bSp3s #14 aSpenser, M.D. aShivers: The Curse in the Jungle /cby M.D. Spenser. aFlorida:bParadise Press,cc1996. a72 p. :c19 cm. j1 e1 aFiction.